Global oil resources and India's energy strategy (Record no. 64559)

000 -LEADER
fixed length control field 00796pab a2200169 454500
008 - FIXED-LENGTH DATA ELEMENTS--GENERAL INFORMATION
fixed length control field 180718b2004 xxu||||| |||| 00| 0 eng d
100 ## - MAIN ENTRY--PERSONAL NAME
Personal name Bhagwat, Vishnu
245 ## - TITLE STATEMENT
Title Global oil resources and India's energy strategy
260 ## - PUBLICATION, DISTRIBUTION, ETC.
Date of publication, distribution, etc. 2004
300 ## - PHYSICAL DESCRIPTION
Extent p.60-66.
362 ## - DATES OF PUBLICATION AND/OR SEQUENTIAL DESIGNATION
Dates of publication and/or sequential designation Oct-Dec
520 ## - SUMMARY, ETC.
Summary, etc. The world's dwinding petroleum and gas reserves are a bone of contention among the great powers. Confronted by the aggressive military and economic strategy of the USA and its closest allies, India like China, must secure its energy sources through agreements with oil producing countries, especially Russia and other neighbours in Central Asia and the Middle East. - Reproduced.
650 ## - SUBJECT ADDED ENTRY--TOPICAL TERM
Topical term or geographic name entry element Energy resources - India
650 ## - SUBJECT ADDED ENTRY--TOPICAL TERM
Topical term or geographic name entry element Energy resources
773 ## - HOST ITEM ENTRY
Main entry heading World Affairs
909 ## -
-- 64559
Holdings
Withdrawn status Lost status Damaged status Not for loan Permanent Location Current Location Date acquired Serial Enumeration / chronology Barcode Date last seen Price effective from Koha item type
        Indian Institute of Public Administration Indian Institute of Public Administration 2018-07-19 Volume no: 8, Issue no: 4 AR65011 2018-07-19 2018-07-19 Articles

Powered by Koha